000 01243nam a2200313Ia 4500
001 ebr10194051
003 CaPaEBR
006 m u
007 cr cn|||||||||
008 070824s2008 flu sb 001 0 eng d
010 _z 2007034682
020 _z9781931644570 (alk. paper)
040 _aCaPaEBR
_cCaPaEBR
035 _a(OCoLC)236338797
050 1 4 _aTK5105.887
_b.B37 2008eb
082 0 4 _a006.7/876
_222
100 1 _aBarnes, Leesa.
245 1 0 _aPodcasting for profit
_h[electronic resource] :
_ba proven 7-step plan to help individuals and businesses generate income through audio and video podcasting /
_cLeesa Barnes.
260 _aGulf Breeze, FL :
_bMaximum Press,
_c2008.
300 _axxix, 342 p.
504 _aIncludes bibliographical references and index.
533 _aElectronic reproduction.
_bPalo Alto, Calif. :
_cebrary,
_d2009.
_nAvailable via World Wide Web.
_nAccess may be limited to ebrary affiliated libraries.
650 0 _aWebcasting.
650 0 _aPodcasting.
650 0 _aMarketing.
655 7 _aElectronic books.
_2local
710 2 _aebrary, Inc.
856 4 0 _uhttp://site.ebrary.com/lib/rucke/Doc?id=10194051
_zAn electronic book accessible through the World Wide Web; click to view
999 _c114498
_d114498